|
|
|
|
| LEADER |
01418nam a2200265 a 4500 |
| 001 |
32199412 |
| 008 |
091021r2004 ii b 000 0 eng d |
| 020 |
|
|
|a 8170127025
|
| 040 |
|
|
|a NNC-L
|c NNC-L
|
| 082 |
0 |
0 |
|a 340.954
|2 19
|
| 100 |
1 |
|
|a Basu, Durga Das,
|d 1910
|
| 245 |
0 |
0 |
|a Administrative law /
|c Durga Das Basu and A.K. Nandi.
|
| 260 |
|
|
|a Kolkata :
|b Kamal Law House,
|c 2004, [Reprinted 2005]
|
| 250 |
|
|
|a 6th ed.
|
| 300 |
|
|
|a lxxx, 534 p. ;
|c 22 cm.
|
| 504 |
|
|
|a Includes Bibliographical References and index.
|
| 541 |
1 |
|
|e 00016998
|
| 650 |
|
0 |
|a Administrative law
|z India
|
| 700 |
1 |
|
|a Nandi, A. K.
|
| 852 |
4 |
|
|a Ayesha Abed Library
|j General Shelf
|
| 999 |
|
|
|c 5053
|d 5053
|
| 952 |
|
|
|0 0
|1 0
|2 ddc
|4 0
|6 340_954000000000000_BAS_2006
|7 0
|9 4888
|a BRACUL
|b BRACUL
|c GEN
|d 2009-11-03
|g 1440.00
|l 2
|m 1
|o 340.954 BAS
|p 3010016998
|r 2022-12-08
|s 2022-06-22
|t 1
|v 2880.00
|w 2009-11-03
|y BK
|
| 952 |
|
|
|0 0
|1 0
|2 ddc
|4 0
|6 340_954000000000000_BAS_2006
|7 0
|9 4905
|a BRACUL
|b BRACUL
|c GEN
|d 2009-11-03
|g 1440.00
|l 2
|m 22
|o 340.954 BAS
|p 3010016997
|r 2022-08-29
|s 2022-06-06
|t 2
|v 2880.00
|w 2009-11-03
|y BK
|
| 952 |
|
|
|0 0
|1 0
|2 ddc
|4 0
|6 340_954000000000000_BAS_2006
|7 0
|9 4906
|a BRACUL
|b BRACUL
|c GEN
|d 2009-11-03
|g 1440.00
|l 2
|m 10
|o 340.954 BAS
|p 3010016995
|r 2022-09-11
|s 2022-06-29
|t 3
|v 2880.00
|w 2009-11-03
|y BK
|
| 952 |
|
|
|0 0
|1 0
|2 ddc
|4 0
|6 340_954000000000000_BAS_2006
|7 0
|9 8985
|a BRACUL
|b BRACUL
|c GEN
|d 2010-04-05
|l 4
|m 33
|o 340.954 BAS
|p 3010016996
|r 2026-01-07
|s 2025-12-13
|t 4
|w 2010-04-05
|y BK
|